Animals in Soccer Logos - Statistics

General Stats
  • This quiz has been taken 284 times
  • The average score is 7 of 16
Answer Stats
Picture Answer % Correct
Wolf
92%
Lion
83%
Tiger
82%
Bee
68%
Horse
68%
Bull
63%
Seagull
63%
Owl
46%
Bear
41%
Snake
33%
Elephant
24%
Rooster
21%
Stag
20%
Zebra
16%
Kangaroo
11%
Porcupine
4%
No matching quizzes found
Score Distribution
Percent of People with Each Score
Percentile by Number Answered
Your Score History
You have not taken this quiz